000 03141nam0a2200409 4500
001 RU\NLR\BIBL_A\012029997
005 20260407115657.0
035 _a(NLR Aleph) 012029997
090 _a11546292
_c11546292
100 _a20190604d1897 |||y0rusy50 ca
101 0 _arus
102 _aRU
105 _ay z 000zy
200 1 _aО распространении на некоторые губернии правил о надзоре за заведениями фабрично-заводской промышленности и о взаимных отношениях фабрикантов и рабочих, а также об изменении штата фабричной инспекции
_eпредставление по сему делу разослано Членам Государственного Совета, в печатных экземплярах
_fГосударственный Совет в Соединенных Департаментах Государственной Экономии, Законов и Гражданских и Духовных дел, Министерство Финансов. 8 мая 1897 года. № 174
210 _a[Санкт-Петербург
_cб. и.]
_d1897
215 _a8 с.
_d33
300 _aВ конце текста: Подписали: Д. Сольский, М. Каханов, В. Маркус [и др.]; Скрепил: Статс-Секретарь Г. Шамшин
300 _aНа 1-й и 5-й с.: CDXCVIII
309 _aБез тит. л. и обл.
601 0 1 _aРоссия
_bСоединенные Департаменты государственной экономии и законов
_92414113
_3RU\NLR\AUTH\6601657156
606 1 _aПромышленность
_jДокументы и материалы
_xКадры
_yРоссия
_92437187
_3RU\NLR\AUTH\661450186
686 3 _aУ30(28)-640,011
686 3 _aУ03(2)5,011
686 3 _aХ2(2)5-523,011
702 1 _4720
_8rus
_7ca
_aСольский
_bД. М.
_cгос. деятель
_f1833-1910
_gДмитрий Мартынович
_3RU\NLR\AUTH\7783181
_966109
702 1 _4720
_7ca
_8rus
_aКаханов
_bМ. С.
_f1833-1900
_gМихаил Семёнович
_9197457
_3RU\NLR\AUTH\770197508
702 1 _4720
_7ca
_8rus
_aМаркус
_bВ. М.
_f1826-1901
_gВладимир Михайлович
_9197462
_3RU\NLR\AUTH\770197513
702 1 _4720
_aШамшин
_bГ. И.
_cгос. деятель
_f1853-1918
_gГригорий Иванович
_9197513
_3RU\NLR\AUTH\770197564
711 0 1 _aРоссия
_bМинистерство финансов
_3RU\NLR\AUTH\889947360
_9390360
711 0 1 _aРоссия
_bГосударственный совет
_3RU\NLR\AUTH\889948587
_9392796
712 0 1 _4570
_aРоссия
_bСоединенные департаменты государственной экономии, законов и гражданских и духовных дел
_9680800
_3RU\NLR\AUTH\880510211
852 _aNLR
_j135/294-317 (36)
942 _cBOOK
980 _aNB